Global Economics
Saved in:
| Main Author: | |
|---|---|
| Format: | Book |
| Language: | English |
| Published: |
South-Western Cengage Learning,
2011
|
| Edition: | 13th ed. |
| Subjects: | |
| Tags: |
No Tags, Be the first to tag this record!
|
MARC
| LEADER | 00000nam a22000003a 4500 | ||
|---|---|---|---|
| 001 | stu246366 | ||
| 005 | 20150617230155.1 | ||
| 008 | 120510s2011----xxc-----------------eng-d | ||
| 020 | |a 978-1-4390-4044-7 | ||
| 040 | |a STU |b slo | ||
| 041 | 0 | |a eng | |
| 044 | |a xxc | ||
| 080 | |a 33 |7 stu_us_auth*stu7876 | ||
| 100 | 1 | |a Carbaugh, Robert J. |4 aut | |
| 245 | 1 | |a Global Economics | |
| 250 | |a 13th ed. | ||
| 260 | |b South-Western Cengage Learning, |c 2011 | ||
| 300 | |a 602 s | ||
| 650 | 7 | |a ekonomika svetová-globalizácia |2 stusub | |
| 996 | |b 284M081038 |c M*13210-1 |l MMKN |s A |a 24 |w stu246366_0001 | ||